1-13 Numbers Logic Puzzle Quiz Stats

Quiz not verified by Sporcle

Challenge
Share
Tweet
Score 0/20 Timer 20:00
0 Plays Today
Box Number % Correct





E2
???
100%





A1
???
74.6%





B1
???
42.2%





D2
???
35.4%





E4
???
30.9%





C2
???
26.8%





A3
???
24.2%





D4
???
23.3%





C1
???
22.5%





B4
???
20.4%
Box Number % Correct





C4
???
20.4%





B2
???
17.6%





B3
???
16.3%





D1
???
15.2%





E1
???
11.7%





A2
???
10.8%





D3
???
10.4%





C3
???
10.2%





E3
???
9.3%





A4
???
9%

You're not logged in!

Compare scores with friends on all Sporcle quizzes.
Join for Free
OR
Log In

You Might Also Like...

Show Comments

Extras

Curator's Pick May 23, 2015SourceReportNominate
Tags:Logic Quiz, Numbers Quiz, Puzzle Quiz

Top Quizzes Today


Score Distribution

Your Account Isn't Verified!

In order to create a playlist on Sporcle, you need to verify the email address you used during registration. Go to your Sporcle Settings to finish the process.

Report this User

Report this user for behavior that violates our Community Guidelines.

Details: